| 000 | 01654nam a2200409 i 4500 | ||
|---|---|---|---|
| 001 | ebr10822348 | ||
| 003 | CaPaEBR | ||
| 006 | m o d | ||
| 007 | cr cn||||||||| | ||
| 008 | 130807s2014 njua ob 001 0 eng d | ||
| 020 | _a9781118451540 (e-book) | ||
| 020 | _z9781118451564 | ||
| 040 |
_aCaPaEBR _beng _erda _epn _cCaPaEBR |
||
| 035 | _a(OCoLC)855491811 | ||
| 050 | 1 | 4 |
_aGE105 _b.R63 2014eb |
| 082 | 0 | 4 |
_a333.72 _223 |
| 100 | 1 |
_aRobbins, Paul, _d1967- |
|
| 245 | 1 | 0 |
_aEnvironment and society : _ba critical introduction / _cPaul Robbins, John Hintz, and Sarah A. Moore. |
| 250 | _aSecond edition. | ||
| 264 | 1 |
_aHoboken, New Jersey : _bJohn Wiley & Sons, _c2014. |
|
| 300 |
_a1 online resource (352 pages) : _billustrations |
||
| 336 |
_atext _2rdacontent |
||
| 337 |
_acomputer _2rdamedia |
||
| 338 |
_aonline resource _2rdacarrier |
||
| 440 | 0 | _aCritical introductions to geography | |
| 504 | _aIncludes bibliographical references and index. | ||
| 588 | _aDescription based on online resource; title from PDF title page (ebrary, viewed January 15, 2013). | ||
| 590 | _aElectronic reproduction. Palo Alto, Calif. : ebrary, 2014. Available via World Wide Web. Access may be limited to ebrary affiliated libraries. | ||
| 650 | 0 |
_aEnvironmental sciences _xSocial aspects. |
|
| 650 | 0 |
_aEnvironmental protection _xSocial aspects. |
|
| 650 | 0 |
_aHuman ecology _xSocial aspects. |
|
| 655 | 0 | _aElectronic books. | |
| 700 | 1 | _aHintz, John. | |
| 700 | 1 | _aMoore, Sarah A. | |
| 797 | 2 | _aebrary. | |
| 856 | 4 | 0 |
_uhttp://site.ebrary.com/lib/rucke/Doc?id=10822348 _zAn electronic book accessible through the World Wide Web; click to view |
| 999 |
_c85384 _d85384 |
||